[Event "CAN-op"]
[Site "Edmonton CAN"]
[Date "2005.07.09"]
[Round "1.35"]
[White "Thomson, Bruce"]
[Black "Gokhale, Anupama"]
[Result "0-1"]
[WhiteElo "1676"]
[BlackElo "2243"]
[PlyCount "96"]
[GameId "2160767910901301"]
[EventDate "2005.07.09"]
[EventType "swiss"]
[EventRounds "10"]
[EventCountry "CAN"]

1. Nf3 Nf6 2. g3 g6 3. Bg2 Bg7 4. d4 O-O 5. O-O d5 6. Nbd2 c6 7. Re1 Bf5 8. c3 Nbd7 9. Nf1 h6 10. Ne3 Be6 11. Kf1 Ne4 12. Qc2 f5 13. Ng1 g5 14. f3 Nd6 15. Nd1 Qe8 16. f4 Qh5 17. Nf3 g4 18. Ne5 Qxh2 19. Kf2 Ne4+ 20. Qxe4 fxe4 21. Rh1 Qxh1 22. Bxh1 Nxe5 23. dxe5 Bxe5 24. e3 Bd6 25. Ke2 c5 26. Nf2 h5 27. c4 dxc4 28. Nxe4 Rad8 29. Nxd6 Rxd6 30. Bd2 Rfd8 31. Bc3 b6 32. Be4 Bd5 33. Bxd5+ Rxd5 34. Rh1 Kf7 35. Rg1 b5 36. a3 Rb8 37. Rh1 b4 38. axb4 cxb4 39. Bd4 a5 40. Rc1 Rc8 41. Rc2 a4 42. Rc1 c3 43. bxc3 b3 44. Rb1 Rb5 45. Kd3 b2 46. c4 Rb3+ 47. Bc3 a3 48. Kc2 Rxc3+ 0-1

[Event "CAN-op"]
[Site "Edmonton CAN"]
[Date "2005.07.09"]
[Round "1.36"]
[White "Li, Zhichao"]
[Black "Sullivan, Brian"]
[Result "1-0"]
[WhiteElo "2238"]
[BlackElo "1674"]
[PlyCount "109"]
[GameId "2160767910901302"]
[EventDate "2005.07.09"]
[EventType "swiss"]
[EventRounds "10"]
[EventCountry "CAN"]

1. Nf3 Nf6 2. g3 b6 3. Bg2 Bb7 4. O-O g6 5. d3 Bg7 6. Nbd2 O-O 7. c3 c5 8. Re1 d5 9. Qc2 Nc6 10. e4 dxe4 11. dxe4 e6 12. a4 Qc7 13. Nc4 Nd7 14. Be3 Ba6 15. Nfd2 Rac8 16. Rad1 Rcd8 17. Qb3 Kh8 18. Nb1 Nde5 19. Nba3 Nd3 20. Re2 Nde5 21. Red2 Rxd2 22. Rxd2 Ng4 23. Bg5 h6 24. Bf4 e5 25. Be3 Nxe3 26. Nxe3 h5 27. Nd5 Qb7 28. Nc4 Rd8 29. Nce3 Ne7 30. Nxe7 Qxe7 31. Rxd8+ Qxd8 32. Qxf7 Qd2 33. Qxg6 Qc1+ 34. Bf1 Bxf1 35. Qxh5+ Kg8 36. Nxf1 Qxb2 37. Qg6 Qxc3 38. h4 Qf3 39. Ne3 Qf7 40. Qc6 Kh7 41. Kg2 Bf6 42. Nf5 c4 43. Ne3 Qg7 44. Qxc4 Qd7 45. Nf5 Kg6 46. Qb5 Qf7 47. Qe2 Kh7 48. Qg4 Qg6 49. Qd1 Qf7 50. Nd6 Qg6 51. Qd5 Bxh4 52. Nf5 Bf6 53. Qd7+ Bg7 54. Qxa7 Qf6 55. Qxg7+ 1-0

[Event "CAN-op"]
[Site "Edmonton CAN"]
[Date "2005.07.09"]
[Round "1.40"]
[White "Henson, Joshua"]
[Black "Mattson, Marvin"]
[Result "1-0"]
[WhiteElo "2221"]
[BlackElo "1703"]
[PlyCount "57"]
[GameId "2160767910901304"]
[EventDate "2005.07.09"]
[EventType "swiss"]
[EventRounds "10"]
[EventCountry "CAN"]

1. e4 e6 2. d4 d5 3. Nc3 dxe4 4. Nxe4 Nd7 5. Bd3 Ngf6 6. Ng5 h6 7. N5f3 b6 8. Ne5 Bb7 9. Ngf3 Be7 10. Qe2 a6 11. Bf4 c5 12. Nxd7 Nxd7 13. O-O-O cxd4 14. Nxd4 Qc8 15. Rhe1 Nc5 16. Nf5 Nxd3+ 17. Rxd3 Kf8 18. Nxe7 Kxe7 19. Rc3 Bc6 20. Qe5 Rd8 21. Qxg7 Qb7 22. Bxh6 Rd5 23. Bg5+ Kd6 24. h4 Rf5 25. g4 Rd5 26. h5 Qc8 27. Qxf7 Qe8 28. Rxc6+ Qxc6 29. Qe7# 1-0

[Event "CAN-op"]
[Site "Edmonton CAN"]
[Date "2005.07.09"]
[Round "1.42"]
[White "Pechisker, Alfred"]
[Black "Longo, Tyler"]
[Result "1-0"]
[WhiteElo "2190"]
[BlackElo "1733"]
[PlyCount "67"]
[GameId "2160767910901306"]
[EventDate "2005.07.09"]
[EventType "swiss"]
[EventRounds "10"]
[EventCountry "CAN"]

1. d4 d5 2. c4 dxc4 3. Nf3 Nf6 4. e3 e6 5. Bxc4 c5 6. O-O a6 7. a4 Nc6 8. Nc3 Be7 9. Qe2 cxd4 10. Rd1 e5 11. exd4 exd4 12. Ne4 O-O 13. h3 Bf5 14. Ng3 Bg6 15. Be3 Bc5 16. b4 Nxb4 17. Bxd4 Qe7 18. Qb2 Nc2 19. Bxf6 gxf6 20. Rab1 Bxf2+ 21. Kxf2 Qc5+ 22. Nd4 Nxd4 23. Rxd4 Bxb1 24. Kf3 Bg6 25. h4 Bh5+ 26. Nxh5 Qxh5+ 27. Rg4+ Qxg4+ 28. Kxg4 Kg7 29. Kf5 Rac8 30. Qxf6+ Kg8 31. Qd4 Rfd8 32. Qf4 Rc5+ 33. Kf6 Rd6+ 34. Ke7 1-0

[Event "CAN-op"]
[Site "Edmonton CAN"]
[Date "2005.07.09"]
[Round "1.43"]
[White "Beebe, Greg"]
[Black "Davies, Lucas"]
[Result "0-1"]
[WhiteElo "1637"]
[BlackElo "2165"]
[PlyCount "68"]
[GameId "2160767910901307"]
[EventDate "2005.07.09"]
[EventType "swiss"]
[EventRounds "10"]
[EventCountry "CAN"]

1. c4 e5 2. g3 Nc6 3. Bg2 g6 4. e3 Bg7 5. Ne2 d6 6. Nbc3 Be6 7. d3 Qd7 8. O-O Bh3 9. Rb1 h5 10. f3 Bxg2 11. Kxg2 h4 12. Rh1 f5 13. d4 e4 14. f4 Nf6 15. b4 Ne7 16. Bd2 Kf7 17. a4 hxg3 18. Nxg3 Rh6 19. Qb3 Rah8 20. a5 Qd8 21. h3 Qg8 22. Nce2 Bf8 23. b5 Nh5 24. b6 axb6 25. axb6 c6 26. Bc3 d5 27. c5 g5 28. h4 gxf4 29. exf4 Qg4 30. Bd2 Ng6 31. Kf2 Ngxf4 32. Rbg1 Nxg3 33. Nxg3 Nd3+ 34. Kg2 Qf3+ 0-1

[Event "CAN-op"]
[Site "Edmonton CAN"]
[Date "2005.07.09"]
[Round "1.45"]
[White "Mrugala, David"]
[Black "Klein, Felix"]
[Result "0-1"]
[WhiteElo "1627"]
[BlackElo "2123"]
[PlyCount "74"]
[GameId "2160767910901308"]
[EventDate "2005.07.09"]
[EventType "swiss"]
[EventRounds "10"]
[EventCountry "CAN"]

1. d4 d5 2. c4 e6 3. Nc3 c6 4. Nf3 dxc4 5. Bf4 b5 6. e3 Bb7 7. Qc2 Nf6 8. Be2 Nbd7 9. O-O Be7 10. Rfd1 Qb6 11. e4 O-O 12. Rd2 a6 13. Rad1 Rfd8 14. h3 c5 15. d5 exd5 16. exd5 Bd6 17. Be3 Re8 18. a4 b4 19. Nb1 Ne4 20. Bxc4 Nxd2 21. Nbxd2 Nf6 22. Qf5 Qd8 23. Bg5 Qd7 24. Qd3 Nh5 25. b3 h6 26. Be3 Nf6 27. Nh4 Nxd5 28. Bxd5 Bxd5 29. Nf5 Rad8 30. Nxd6 Qxd6 31. Nc4 Qc7 32. Rc1 Bxg2 33. Qf5 Bb7 34. Qxc5 Qd7 35. Qh5 Qc6 36. f3 Rxe3 37. Kf2 Rxf3+ 0-1

[Event "CAN-op"]
[Site "Edmonton CAN"]
[Date "2005.07.09"]
[Round "1.46"]
[White "Gorelik, Lev"]
[Black "Laboucane, Randy"]
[Result "1/2-1/2"]
[WhiteElo "2147"]
[BlackElo "1626"]
[PlyCount "67"]
[GameId "2160767910901309"]
[EventDate "2005.07.09"]
[EventType "swiss"]
[EventRounds "10"]
[EventCountry "CAN"]

1. e4 c5 2. Nf3 d6 3. Bb5+ Bd7 4. Qe2 a6 5. Bxd7+ Qxd7 6. Nc3 e6 7. d4 cxd4 8. Nxd4 Nf6 9. O-O Nc6 10. Be3 b5 11. f3 Be7 12. Nd1 Ne5 13. c3 O-O 14. Bf2 Rfc8 15. Ne3 Rc7 16. f4 Nc6 17. Ng4 Nxg4 18. Qxg4 Nxd4 19. Bxd4 e5 20. Qxd7 Rxd7 21. Be3 exf4 22. Bxf4 d5 23. Rfd1 Bc5+ 24. Kf1 Rad8 25. exd5 Rxd5 26. Rxd5 Rxd5 27. Ke2 f6 28. a4 g5 29. Bg3 Kf7 30. axb5 axb5 31. Ra5 Bb6 32. Ra6 Bg1 33. Ra1 Bb6 34. Ra6 1/2-1/2

[Event "CAN-op"]
[Site "Edmonton CAN"]
[Date "2005.07.09"]
[Round "1.47"]
[White "Bowles, Charles"]
[Black "Gulati, Justin"]
[Result "0-1"]
[WhiteElo "1625"]
[BlackElo "2122"]
[PlyCount "76"]
[GameId "2160767910901310"]
[EventDate "2005.07.09"]
[EventType "swiss"]
[EventRounds "10"]
[EventCountry "CAN"]

1. e4 e5 2. Nf3 Nc6 3. Bb5 a6 4. Ba4 Nf6 5. O-O b5 6. Bb3 Be7 7. Re1 O-O 8. c3 d5 9. exd5 Nxd5 10. Nxe5 Nxe5 11. Rxe5 Nf6 12. d4 Bd6 13. Re1 Ng4 14. g3 Qf6 15. f4 Qh6 16. h4 c5 17. Bd5 Bf5 18. Bxa8 Rxa8 19. Qf3 Rd8 20. Nd2 cxd4 21. cxd4 Qf6 22. Nb3 a5 23. a4 h5 24. axb5 Bc2 25. Re2 Bd1 26. Bd2 Bxb3 27. Qxb3 Qxd4+ 28. Be3 Qe4 29. Rd1 Qf3 30. Qc4 Nxe3 31. Rxe3 Qxe3+ 32. Kg2 Qe7 33. b6 Qb7+ 34. Kh3 Qxb6 35. Rd5 Qg1 36. Rxh5 Qh1+ 37. Kg4 Qd1+ 38. Kg5 Be7+ 0-1

[Event "CAN-op"]
[Site "Edmonton CAN"]
[Date "2005.07.09"]
[Round "1.48"]
[White "Yuan, Michael"]
[Black "Blum, Roger"]
[Result "0-1"]
[WhiteElo "2119"]
[BlackElo "1618"]
[PlyCount "152"]
[GameId "2160767910901311"]
[EventDate "2005.07.09"]
[EventType "swiss"]
[EventRounds "10"]
[EventCountry "CAN"]

1. e4 c5 2. Nf3 Nc6 3. Bb5 e6 4. Bxc6 bxc6 5. d3 Nf6 6. Nc3 Be7 7. O-O O-O 8. e5 Nd5 9. Ne4 f5 10. Nd6 Rb8 11. c4 Nc7 12. b3 Ne8 13. Bf4 g5 14. Be3 g4 15. Bxc5 gxf3 16. Qxf3 Nxd6 17. exd6 Bf6 18. d4 a5 19. a4 Qe8 20. Rad1 Qg6 21. Qc3 Bd8 22. Rd3 Qf6 23. Re1 Rf7 24. Qd2 Rg7 25. f4 Rg4 26. h3 Rg6 27. Ba3 Ba6 28. Bb2 Qh4 29. Re5 Rg3 30. Ree3 Rxe3 31. Qxe3 Bxc4 32. bxc4 Rxb2 33. Kh2 Kf7 34. d5 cxd5 35. cxd5 Qf2 36. dxe6+ dxe6 37. Qxf2 Rxf2 38. Rb3 Rxf4 39. Rb7+ Ke8 40. Rxh7 Rxa4 41. d7+ Kf8 42. Rh8+ Ke7 43. Rh7+ Kd6 44. Kg3 Re4 45. Kf3 a4 46. h4 a3 47. Rh8 Kxd7 48. Rh7+ Kc6 49. Ra7 Bxh4 50. Rxa3 Rb4 51. Rc3+ Kd5 52. Rd3+ Rd4 53. Rb3 Be7 54. Rb7 Bd6 55. Rb5+ Kc4 56. Rb1 Rd3+ 57. Ke2 Bf4 58. Rb6 Rd6 59. Rb7 Bg3 60. Rc7+ Kd4 61. Kf3 f4 62. Ra7 Ke5 63. Ra5+ Rd5 64. Ra3 Kf5 65. Ra8 Rd3+ 66. Ke2 Re3+ 67. Kd2 e5 68. Rf8+ Ke4 69. Ra8 Rd3+ 70. Ke2 Rb3 71. Ra4+ Kf5 72. Ra8 Rb2+ 73. Kf1 Rf2+ 74. Kg1 Rd2 75. Rf8+ Ke4 76. Kf1 Ke3 0-1

[Event "CAN-op"]
[Site "Edmonton CAN"]
[Date "2005.07.09"]
[Round "1.49"]
[White "Seehagen, Terry"]
[Black "Tegzes, Laszlo"]
[Result "0-1"]
[WhiteElo "1608"]
[BlackElo "2109"]
[PlyCount "32"]
[GameId "2160767910901312"]
[EventDate "2005.07.09"]
[EventType "swiss"]
[EventRounds "10"]
[EventCountry "CAN"]

1. d4 Nf6 2. Nf3 d6 3. Bg5 g6 4. Nbd2 Bg7 5. e4 O-O 6. h3 Nc6 7. c3 e5 8. Qb3 Qe8 9. Bd3 exd4 10. cxd4 Nd7 11. Rc1 Nxd4 12. Nxd4 Bxd4 13. Bh6 Nc5 14. Qa3 Bxb2 15. Bb5 Qxb5 16. Rxc5 dxc5 0-1

[Event "CAN-op"]
[Site "Edmonton CAN"]
[Date "2005.07.09"]
[Round "1.52"]
[White "Henry, Liam"]
[Black "Corsmeier, Tom"]
[Result "1-0"]
[WhiteElo "2062"]
[BlackElo "1598"]
[PlyCount "35"]
[GameId "2160767910901313"]
[EventDate "2005.07.09"]
[EventType "swiss"]
[EventRounds "10"]
[EventCountry "CAN"]

1. e4 e6 2. d4 d5 3. Bd3 c5 4. c3 Nc6 5. Ne2 cxd4 6. cxd4 Bb4+ 7. Nbc3 Nge7 8. e5 Bd7 9. Bg5 Bc8 10. O-O Ba5 11. Nb5 O-O 12. Nd6 Rb8 13. Bb1 f6 14. exf6 gxf6 15. Bh6 a6 16. Nf4 e5 17. Qd3 f5 18. Qg3+ 1-0

[Event "CAN-op"]
[Site "Edmonton CAN"]
[Date "2005.07.09"]
[Round "1.53"]
[White "Robertson, Trevor"]
[Black "Ingram, Richard"]
[Result "0-1"]
[WhiteElo "1597"]
[BlackElo "2056"]
[PlyCount "102"]
[GameId "2160767910901314"]
[EventDate "2005.07.09"]
[EventType "swiss"]
[EventRounds "10"]
[EventCountry "CAN"]

1. d4 Nf6 2. c4 g6 3. Nc3 Bg7 4. Nf3 d6 5. Bg5 O-O 6. h3 Nbd7 7. e3 c5 8. d5 h6 9. Bh4 Qa5 10. Nd2 a6 11. Qc2 g5 12. Bg3 Nh5 13. Bh2 Ne5 14. Bxe5 Bxe5 15. g4 Nf6 16. Bd3 Kg7 17. Nf3 Bxc3+ 18. bxc3 b5 19. Nd2 Bb7 20. e4 e6 21. dxe6 fxe6 22. O-O Nd7 23. cxb5 axb5 24. c4 b4 25. Qb2+ Ne5 26. f3 Qc7 27. Nb3 Rf6 28. Be2 Kg8 29. a3 Rff8 30. axb4 cxb4 31. Rxa8 Rxa8 32. Ra1 Rxa1+ 33. Qxa1 Qb6+ 34. c5 dxc5 35. Qxe5 c4+ 36. Nd4 c3 37. Qxe6+ Qxe6 38. Nxe6 c2 39. Nd4 c1=Q+ 40. Kg2 Qe1 41. Nf5 Qxe2+ 42. Kg3 Kh7 43. h4 gxh4+ 44. Nxh4 b3 45. Nf5 Bxe4 46. fxe4 Qxe4 47. Kh4 b2 48. Ng3 Qe7+ 49. Kh3 Qg5 50. Ne4 Qe3+ 51. Ng3 b1=Q 0-1

[Event "CAN-op"]
[Site "Edmonton CAN"]
[Date "2005.07.09"]
[Round "1.54"]
[White "Nguyen, Kim"]
[Black "White, Chris"]
[Result "1-0"]
[WhiteElo "2060"]
[BlackElo "1597"]
[PlyCount "25"]
[GameId "2160767910901315"]
[EventDate "2005.07.09"]
[EventType "swiss"]
[EventRounds "10"]
[EventCountry "CAN"]

1. e4 e6 2. d4 d5 3. Nd2 dxe4 4. Nxe4 Nd7 5. Nf3 Be7 6. Bd3 Ngf6 7. Qe2 b6 8. Bd2 Bb7 9. Nxf6+ Nxf6 10. O-O-O Qd6 11. Kb1 Nd5 12. Ne5 f6 13. Qh5+ 1-0

[Event "CAN-op"]
[Site "Edmonton CAN"]
[Date "2005.07.09"]
[Round "1.55"]
[White "Johnson, Dean"]
[Black "Aird, Ian"]
[Result "1/2-1/2"]
[WhiteElo "1588"]
[BlackElo "2070"]
[PlyCount "64"]
[GameId "2160767910901316"]
[EventDate "2005.07.09"]
[EventType "swiss"]
[EventRounds "10"]
[EventCountry "CAN"]

1. c4 e5 2. g3 g6 3. Bg2 Bg7 4. Nc3 d6 5. e4 Ne7 6. Nge2 O-O 7. d3 c6 8. O-O Be6 9. Be3 d5 10. cxd5 cxd5 11. Bc5 d4 12. Nd5 Nbc6 13. Rc1 Re8 14. Bxe7 Nxe7 15. Nc7 Nc6 16. Nxa8 Qxa8 17. a3 Bh6 18. f4 Qd8 19. Qc2 Qb6 20. b4 Rc8 21. Qc5 Qd8 22. Qb5 Qd7 23. Qa4 Bg4 24. Rf2 Bxe2 25. Rxe2 exf4 26. gxf4 Bxf4 27. Rf1 Be3+ 28. Kh1 Qg4 29. Bf3 Qh3 30. Bg2 Qg4 31. Bf3 Qh3 32. Bg2 Qg4 1/2-1/2

[Event "CAN-op"]
[Site "Edmonton CAN"]
[Date "2005.07.09"]
[Round "1.57"]
[White "Jones, Avery"]
[Black "Yam, Alex"]
[Result "0-1"]
[WhiteElo "1582"]
[BlackElo "2048"]
[PlyCount "52"]
[GameId "2160767910901317"]
[EventDate "2005.07.09"]
[EventType "swiss"]
[EventRounds "10"]
[EventCountry "CAN"]

1. d4 Nf6 2. Nf3 c5 3. e3 g6 4. Be2 Bg7 5. c3 O-O 6. O-O d6 7. Nbd2 Nc6 8. Re1 e5 9. dxe5 dxe5 10. e4 Qe7 11. Qc2 Rb8 12. Nf1 h6 13. Ng3 Ne8 14. Be3 Be6 15. Rad1 Nc7 16. b3 b5 17. Rd2 f5 18. exf5 gxf5 19. Nh5 f4 20. Nxg7 fxe3 21. Rd3 exf2+ 22. Kxf2 Qxg7 23. Rd6 Ne7 24. Kg1 Ncd5 25. Bd1 Nf4 26. Rxe5 Bd5 0-1

[Event "CAN-op"]
[Site "Edmonton CAN"]
[Date "2005.07.09"]
[Round "1.59"]
[White "Raymer, Elliot"]
[Black "Lane, Travis"]
[Result "0-1"]
[WhiteElo "1574"]
[BlackElo "2037"]
[PlyCount "90"]
[GameId "2160767910901318"]
[EventDate "2005.07.09"]
[EventType "swiss"]
[EventRounds "10"]
[EventCountry "CAN"]

1. e4 c5 2. d4 cxd4 3. c3 d3 4. Bxd3 d6 5. Nf3 Nc6 6. O-O Nf6 7. Bg5 Ng4 8. Nd4 Qb6 9. Bb5 h6 10. Be3 Nxe3 11. fxe3 e5 12. Qf3 exd4 13. Qxf7+ Kd8 14. Bxc6 bxc6 15. exd4 Qxb2 16. Qc4 Bd7 17. d5 Be7 18. dxc6 Qb6+ 19. Kh1 Qxc6 20. Qb4 Qb5 21. Nd2 Qxb4 22. cxb4 Bf6 23. Rad1 Rc8 24. Nf3 Ke7 25. Nd4 Bg4 26. Nf5+ Bxf5 27. exf5 Rhd8 28. Rfe1+ Kf7 29. g3 Rc2 30. a3 d5 31. Re6 d4 32. Rd3 Re8 33. Rxe8 Kxe8 34. Kg1 Kd7 35. a4 Kc6 36. b5+ Kb6 37. g4 Ka5 38. Kh1 Kxa4 39. Kg1 Rc3 40. Rd2 d3 41. Kf1 Kxb5 42. Kf2 Rc2 43. Ke1 Bc3 44. Kd1 Rxd2+ 45. Kc1 Rc2+ 0-1

[Event "CAN-op"]
[Site "Edmonton CAN"]
[Date "2005.07.09"]
[Round "1.60"]
[White "Barber, Glen"]
[Black "Harrop, Breagan"]
[Result "1-0"]
[WhiteElo "2005"]
[BlackElo "1568"]
[PlyCount "71"]
[GameId "2160767910901319"]
[EventDate "2005.07.09"]
[EventType "swiss"]
[EventRounds "10"]
[EventCountry "CAN"]

1. d4 e6 2. c4 f5 3. g3 Nf6 4. Bg2 c6 5. Nf3 d6 6. O-O Be7 7. Nc3 O-O 8. Qc2 d5 9. b3 Bd7 10. a4 Qe8 11. Ne5 Ng4 12. Nxg4 fxg4 13. e4 Qg6 14. Ra2 Na6 15. exd5 Qxc2 16. Rxc2 exd5 17. cxd5 Bf5 18. Rd2 Bg5 19. Rdd1 Bxc1 20. Rxc1 Nb4 21. dxc6 Nxc6 22. Nb5 Bd3 23. Rfd1 Be2 24. Rd2 Bf3 25. Rc3 Rae8 26. Bxf3 gxf3 27. Re3 Rc8 28. h3 a6 29. Nd6 Rc7 30. Nc4 Rd7 31. d5 Ne7 32. Nb6 Rc7 33. Kh2 Rc1 34. Rxe7 Rb1 35. d6 Rxb3 36. d7 1-0

[Event "CAN-op"]
[Site "Edmonton CAN"]
[Date "2005.07.09"]
[Round "1.61"]
[White "Meller, Marvin"]
[Black "Schulz, Waldemar"]
[Result "0-1"]
[WhiteElo "1561"]
[BlackElo "2056"]
[PlyCount "58"]
[GameId "2160767910901320"]
[EventDate "2005.07.09"]
[EventType "swiss"]
[EventRounds "10"]
[EventCountry "CAN"]

1. e4 c5 2. b3 d6 3. Nc3 Nc6 4. Bb5 Bd7 5. Bxc6 Bxc6 6. d3 g6 7. Nd5 Bg7 8. Rb1 e6 9. Nf4 Qa5+ 10. Bd2 Qxa2 11. Nge2 Qa6 12. c4 Ne7 13. Nc3 b6 14. O-O O-O 15. Nce2 d5 16. b4 dxc4 17. Bc3 cxd3 18. Qxd3 Qxd3 19. Nxd3 Bxe4 20. Bxg7 Kxg7 21. Rbd1 Bxd3 22. Rxd3 cxb4 23. Rfd1 Nd5 24. g3 Rfc8 25. Nc1 a5 26. Nb3 Rc3 27. Nd4 Rxd3 28. Rxd3 a4 29. Nb5 a3 0-1

[Event "CAN-op"]
[Site "Edmonton CAN"]
[Date "2005.07.09"]
[Round "1.62"]
[White "Ross, Malcolm"]
[Black "Baser, Arthur"]
[Result "0-1"]
[WhiteElo "1251"]
[BlackElo "1560"]
[PlyCount "74"]
[GameId "2160767910901321"]
[EventDate "2005.07.09"]
[EventType "swiss"]
[EventRounds "10"]
[EventCountry "CAN"]

1. c4 e5 2. e3 c5 3. Nc3 Nc6 4. Nf3 d6 5. Be2 f5 6. O-O Nf6 7. d4 e4 8. Ne1 Bd7 9. d5 Ne5 10. f3 Be7 11. Rb1 a5 12. b3 O-O 13. a4 Ng6 14. Bb2 Qe8 15. Nb5 Bxb5 16. axb5 f4 17. Bxf6 Bxf6 18. fxe4 Qxe4 19. Rf3 Ne5 20. Rxf4 Qxe3+ 21. Rf2 Bh4 22. Nd3 Bxf2+ 23. Kh1 Nxd3 24. Bxd3 Rae8 25. g3 Qe1+ 26. Qxe1 Rxe1+ 27. Rxe1 Bxe1 28. Kg2 Rf2+ 29. Kh3 Rb2 30. Kg4 Rxb3 31. Bc2 a4 32. Kf5 Rb4 33. Ke6 a3 34. Kxd6 a2 35. Kxc5 a1=Q 36. Bf5 Rxc4+ 37. Kxc4 Qc3# 0-1

[Event "CAN-op"]
[Site "Edmonton CAN"]
[Date "2005.07.09"]
[Round "1.64"]
[White "Fairbairn, Stephen"]
[Black "Breel, Kevin"]
[Result "1-0"]
[WhiteElo "2022"]
[BlackElo "1544"]
[PlyCount "39"]
[GameId "2160767910901322"]
[EventDate "2005.07.09"]
[EventType "swiss"]
[EventRounds "10"]
[EventCountry "CAN"]

1. Nf3 Nf6 2. c4 g6 3. g3 Bg7 4. Bg2 d6 5. d4 O-O 6. Nc3 a5 7. O-O Nfd7 8. e4 e5 9. Be3 f5 10. exf5 gxf5 11. Ng5 Nb6 12. c5 c6 13. dxe5 Nc4 14. Bd5+ cxd5 15. Qxd5+ Kh8 16. Qxc4 d5 17. Nxd5 h6 18. Nb6 hxg5 19. Nxa8 Bxe5 20. Rfd1 1-0

[Event "CAN-op"]
[Site "Edmonton CAN"]
[Date "2005.07.09"]
[Round "1.66"]
[White "Steininger, Gavin"]
[Black "Hagan, Jeff"]
[Result "1-0"]
[WhiteElo "2011"]
[BlackElo "1538"]
[PlyCount "65"]
[GameId "2160767910901323"]
[EventDate "2005.07.09"]
[EventType "swiss"]
[EventRounds "10"]
[EventCountry "CAN"]

1. e4 c5 2. Nf3 d6 3. d4 cxd4 4. Nxd4 Nf6 5. Nc3 a6 6. Be3 g6 7. f3 Bg7 8. Qd2 Qc7 9. g4 b5 10. a3 Bb7 11. O-O-O Nc6 12. g5 Nd7 13. Nd5 Qd8 14. Bh3 e6 15. Bxe6 Nxd4 16. Bxd7+ Kxd7 17. Bxd4 Bxd4 18. Qxd4 Qxg5+ 19. f4 Qd8 20. Nb6+ Kc6 21. Nxa8 Bxa8 22. Qd5+ Kb6 23. Qxd6+ Qxd6 24. Rxd6+ Bc6 25. Rhd1 Rc8 26. Rf6 Rc7 27. Rdd6 a5 28. e5 a4 29. Kd2 Kc5 30. Rd3 Kb6 31. Rc3 Kb7 32. Rcxc6 Rxc6 33. Rxf7+ 1-0

[Event "CAN-op"]
[Site "Edmonton CAN"]
[Date "2005.07.09"]
[Round "1.67"]
[White "Roberts, Richard"]
[Black "Davies, Noam"]
[Result "0-1"]
[WhiteElo "1533"]
[BlackElo "2008"]
[PlyCount "52"]
[GameId "2160767910901324"]
[EventDate "2005.07.09"]
[EventType "swiss"]
[EventRounds "10"]
[EventCountry "CAN"]

1. d4 Nf6 2. c4 g6 3. Nc3 d5 4. e3 Bg7 5. Nf3 O-O 6. Be2 c5 7. O-O dxc4 8. Bxc4 Bg4 9. Be2 Nc6 10. dxc5 Qa5 11. h3 Bxf3 12. Bxf3 Qxc5 13. Qe2 Rfd8 14. Na4 Qa5 15. Qc2 Rac8 16. Nc3 Ne5 17. Bxb7 Rc7 18. f4 Rxb7 19. fxe5 Qxe5 20. e4 Rc8 21. Qf2 e6 22. Kh1 Nxe4 23. Nxe4 Qxe4 24. Be3 Rc2 25. Qg3 Rbxb2 26. Rf3 Rxg2 0-1

[Event "CAN-op"]
[Site "Edmonton CAN"]
[Date "2005.07.09"]
[Round "1.68"]
[White "Dean, Tim"]
[Black "Steer, David"]
[Result "1-0"]
[WhiteElo "2002"]
[BlackElo "1532"]
[PlyCount "29"]
[GameId "2160767910901325"]
[EventDate "2005.07.09"]
[EventType "swiss"]
[EventRounds "10"]
[EventCountry "CAN"]

1. e4 e5 2. Nf3 Nc6 3. Bc4 Bc5 4. c3 Nf6 5. d4 exd4 6. cxd4 Bb4+ 7. Nc3 d5 8. exd5 Nxd5 9. O-O Bxc3 10. bxc3 O-O 11. Qd3 Nf6 12. Ba3 Ne7 13. Rfe1 Re8 14. Ng5 Ned5 15. Rxe8+ 1-0

[Event "CAN-op"]
[Site "Edmonton CAN"]
[Date "2005.07.09"]
[Round "1.69"]
[White "McCusky, Louis"]
[Black "Olson, Hans"]
[Result "0-1"]
[WhiteElo "1524"]
[BlackElo "2002"]
[PlyCount "172"]
[GameId "2160767910901326"]
[EventDate "2005.07.09"]
[EventType "swiss"]
[EventRounds "10"]
[EventCountry "CAN"]

1. e4 e5 2. Nf3 Nc6 3. g3 Nf6 4. d3 Bc5 5. Bg2 d6 6. c3 a5 7. a4 O-O 8. Na3 Bg4 9. Nc2 Re8 10. Be3 Qe7 11. O-O Rad8 12. h3 Bc8 13. c4 Nb4 14. Nxb4 Bxb4 15. Ne1 Bc5 16. Nc2 c6 17. Qe1 b6 18. Kh2 d5 19. b4 axb4 20. Qb1 dxc4 21. dxc4 Bxe3 22. Nxe3 Rd2 23. Qc1 Red8 24. Nd5 cxd5 25. Qxd2 dxc4 26. Qc2 Qc5 27. Rfd1 Rd4 28. f4 Nd7 29. fxe5 Nxe5 30. Rxd4 Qxd4 31. Rd1 Nd3 32. Bf1 b3 33. Rxd3 Qxd3 34. Bxd3 bxc2 35. Bxc2 Kf8 36. e5 Ke7 37. g4 Bb7 38. Kg3 Ke6 39. Kf4 Bg2 40. h4 h6 41. g5 hxg5+ 42. hxg5 g6 43. Be4 Bxe4 44. Kxe4 c3 45. Kd3 Kxe5 46. Kxc3 Kf5 47. Kb4 Kxg5 48. Kb5 f5 49. Kxb6 f4 50. a5 f3 51. a6 f2 52. a7 f1=Q 53. a8=Q Qf6+ 54. Kc5 Qe5+ 55. Kb4 Kf4 56. Qf8+ Kg3 57. Kb3 Qf4 58. Qc5 g5 59. Qg1+ Kh3 60. Qh1+ Qh2 61. Qf1+ Qg2 62. Qf5+ g4 63. Qh5+ Kg3 64. Qe5+ Kf2 65. Qb2+ Kg1 66. Qe5 Qf3+ 67. Kb2 g3 68. Kc2 g2 69. Qe1+ Kh2 70. Qh4+ Qh3 71. Qf4+ Kh1 72. Qe4 Qh5 73. Qc6 Qe2+ 74. Kb3 Kh2 75. Qh6+ Kg3 76. Qd6+ Kf2 77. Qh2 Qf3+ 78. Ka4 Qg3 79. Qh8 g1=Q 80. Qb2+ Kf3 81. Qb7+ Kg4 82. Qd7+ Kf3 83. Qc6+ Kf2 84. Qc2+ Kf1 85. Qc4+ Kg2 86. Qd5+ Kh3 0-1

[Event "CAN-op"]
[Site "Edmonton CAN"]
[Date "2005.07.09"]
[Round "1.70"]
[White "Graves, Charles"]
[Black "Geley, Shawn"]
[Result "1-0"]
[WhiteElo "2000"]
[BlackElo "1522"]
[PlyCount "37"]
[GameId "2160767910901327"]
[EventDate "2005.07.09"]
[EventType "swiss"]
[EventRounds "10"]
[EventCountry "CAN"]

1. f4 e5 2. fxe5 d6 3. exd6 Bxd6 4. Nf3 Nc6 5. d4 Bg4 6. e3 Nf6 7. Bb5 O-O 8. Bxc6 bxc6 9. O-O c5 10. c3 Re8 11. a4 Ne4 12. Nbd2 cxd4 13. exd4 c5 14. Nxe4 Rxe4 15. Qd3 Bxf3 16. Qxf3 Qh4 17. Qxf7+ Kh8 18. g3 Bxg3 19. Qf8+ 1-0

[Event "CAN-op"]
[Site "Edmonton CAN"]
[Date "2005.07.09"]
[Round "1.71"]
[White "Achtemichuk, Chris"]
[Black "Klein, Gernot"]
[Result "0-1"]
[WhiteElo "1514"]
[BlackElo "2023"]
[PlyCount "44"]
[GameId "2160767910901328"]
[EventDate "2005.07.09"]
[EventType "swiss"]
[EventRounds "10"]
[EventCountry "CAN"]

1. Nf3 d5 2. g3 Bg4 3. d3 Nf6 4. Nbd2 e6 5. Bg2 Be7 6. c4 c6 7. Qb3 Qb6 8. O-O Nbd7 9. a3 O-O 10. Qc2 a5 11. Nb3 a4 12. Nbd2 Nc5 13. b4 axb3 14. Nxb3 Qxb3 15. Qa2 dxc4 16. dxc4 Rfd8 17. Bb2 Bxf3 18. Bxf3 Rd2 19. Rfb1 Qc2 20. Bxf6 Bxf6 21. a4 Bxa1 22. Qxa1 Nb3 0-1

[Event "CAN-op"]
[Site "Edmonton CAN"]
[Date "2005.07.09"]
[Round "1.72"]
[White "Vincent, Trevor"]
[Black "Chi, Megan"]
[Result "1-0"]
[WhiteElo "2000"]
[BlackElo "1502"]
[PlyCount "80"]
[GameId "2160767910901329"]
[EventDate "2005.07.09"]
[EventType "swiss"]
[EventRounds "10"]
[EventCountry "CAN"]

1. c4 c5 2. g3 Nf6 3. Bg2 g6 4. Nc3 Bg7 5. a3 d6 6. Rb1 Qc7 7. Nh3 Nc6 8. Nf4 Bd7 9. b4 cxb4 10. axb4 O-O 11. O-O Rab8 12. d3 Bf5 13. Qa4 a6 14. Bd2 Bd7 15. b5 Ne5 16. Ncd5 Qd8 17. Nxf6+ Bxf6 18. Nd5 Bg7 19. Be3 e6 20. Bb6 Qe8 21. Nf4 Bc8 22. Bc7 Ra8 23. Bxd6 Qd7 24. Bxf8 Bxf8 25. Qc2 Qc7 26. Rfc1 Nd7 27. d4 Bg7 28. e3 Nb6 29. c5 Nd7 30. c6 bxc6 31. Qxc6 Qxc6 32. bxc6 Nf6 33. c7 Ra7 34. Rb8 Bf8 35. Rxc8 Kg7 36. Rxf8 Kxf8 37. c8=Q+ Kg7 38. Nxe6+ fxe6 39. Rc7+ Rxc7 40. Qxc7+ Kh6 1-0